راستہ بند ہے / (Record no. 106191)
[ view plain ]
| 000 -LEADER | |
|---|---|
| fixed length control field | 00810nam a22002537a 4500 |
| 005 - DATE AND TIME OF LATEST TRANSACTION | |
| control field | 20170123162304.0 |
| 010 ## - LIBRARY OF CONGRESS CONTROL NUMBER | |
| LC control number | B-306137 |
| 020 ## - INTERNATIONAL STANDARD BOOK NUMBER | |
| Terms of availability | 220.00 |
| International Standard Book Number | 9788190646109 |
| 035 ## - SYSTEM CONTROL NUMBER | |
| System control number | B-306137 |
| 037 ## - SOURCE OF ACQUISITION | |
| Source of stock number/acquisition | Cen Lib/Ret |
| 040 ## - CATALOGING SOURCE | |
| Original cataloging agency | DPL |
| Language of cataloging | UR |
| 082 ## - DEWEY DECIMAL CLASSIFICATION NUMBER | |
| Classification number | ن |
| Item number | م ص ت |
| 100 ## - MAIN ENTRY--PERSONAL NAME | |
| Personal name | مصطفیٰ کریم |
| 9 (RLIN) | 108814 |
| 245 ## - TITLE STATEMENT | |
| Title | راستہ بند ہے / |
| Statement of responsibility, etc | مصطفیٰ کریم |
| 246 ## - VARYING FORM OF TITLE | |
| Title proper/short title | Rasta band hai / |
| Remainder of title | by Mustafa Kareem |
| 260 ## - PUBLICATION, DISTRIBUTION, ETC. (IMPRINT) | |
| Place of publication, distribution, etc | دہلی |
| Name of publisher, distributor, etc | تخلیقکار پبلشرس |
| Date of publication, distribution, etc | 2008 |
| 270 ## - ADDRESS | |
| City | دہلی |
| Postal code | 110092 |
| Address | 104/B- یاور منزل ١ بلاک لکشمی نگر |
| 300 ## - PHYSICAL DESCRIPTION | |
| Extent | 246p. |
| Dimensions | 21cm(Hb) |
| 650 ## - SUBJECT ADDED ENTRY--TOPICAL TERM | |
| Topical term or geographic name as entry element | اردو ادب |
| 9 (RLIN) | 108815 |
| 650 ## - SUBJECT ADDED ENTRY--TOPICAL TERM | |
| Topical term or geographic name as entry element | اردو ناول |
| 9 (RLIN) | 547 |
| 650 ## - SUBJECT ADDED ENTRY--TOPICAL TERM | |
| Topical term or geographic name as entry element | Urdu literature |
| 9 (RLIN) | 108816 |
| 650 ## - SUBJECT ADDED ENTRY--TOPICAL TERM | |
| Topical term or geographic name as entry element | Urdu novel |
| 9 (RLIN) | 108817 |
| 942 ## - ADDED ENTRY ELEMENTS (KOHA) | |
| Source of classification or shelving scheme | Dewey Decimal Classification |
| Koha item type | Urdu Bks |
| Classification part | ن |
| Call number suffix | م ص ت |
| Withdrawn status | Lost status | Damaged status | Not for loan | Home library | Current library | Date acquired | Source of acquisition | Cost, normal purchase price | Total Checkouts | Full call number | Barcode | Date last seen | Copy number | Cost, replacement price | Price effective from | Koha item type |
|---|---|---|---|---|---|---|---|---|---|---|---|---|---|---|---|---|
| Withdrawn | Central Library | Central Library | 16/12/2015 | Cen Lib/Ret | 220.00 | ن م ص ت | B-306137 | 16/12/2015 | 1 | 220.00 | 16/12/2015 | Urdu Bks |
